| 000 | 01236cab a2200217 4500 | ||
|---|---|---|---|
| 001 | ##L130978 | ||
| 008 | 050404n2003 000 0 eng u | ||
| 035 | _a(Sirsi) u130978 | ||
| 041 | 0 | _aeng | |
| 050 | 0 | 4 | _a630.142 $2 18 |
| 110 | 2 |
_aRoyal Institution of Chartered Surveyors _bPolicy Unit _94169 |
|
| 245 |
_aRICS rural land market survey Great Britain _bfourth quarter 2002 |
||
| 260 |
_aLondon _bRICS _c2003 |
||
| 490 |
_aRICS Rural Land Market Survey Great Britain _vFourth Quarter 2002 |
||
| 520 | _aShows impact of foot and mouth disease on prices continuing. Land supplies are tight and prices remain high; the average price of farmland for the last three months of 2001 was £7 483 per hectare. Average values are now 15.8% up on the same period last year. Many chartered surveyors report a shortage of available land, as an earlier expectation that more land would be available has not been realised. | ||
| 650 | 2 | 4 | _aRICS RURAL LAND MARKET SURVEY GREAT BRITAIN |
| 650 | 2 | 4 | _aFOOT-AND-MOUTH DISEASE |
| 690 | _aPROPERTY-RURAL AND NATURAL ASSETS | ||
| 856 |
_uhttps://www.rics.org/profession-standards/knowledge-and-information-services/document-delivery-and-o _zemail [email protected] to request a copy |
||
| 942 | _n0 | ||
| 999 |
_c104608 _d104608 |
||